101 Babynamen der Woche 18/25' - Statistiken

Allgemein
  • Dieses Quiz wurde 2 mal gespielt
  • Das Durchschnittsergebnis liegt bei 39 aus 101
Antwortstatistiken
📍 Vorname % Korrekt
An.a ♀️ Anna
100%
Ag.t ♀️ Agit
50%
A.i.a ♀️ Alina
50%
A.b.r ♀️ Amber
50%
A.d.e.s ♂️ Andreas
50%
An.i.a ♀️ Annika
50%
A.t.o.y ♂️ Anthony
50%
A.t.n.a ♀️ Antonia
50%
B.a ♀️ Bea
50%
B.n.d..t ♂️ Benedikt
50%
Be.f.n ♂️ Berfin
50%
B. ♂️ Bo
50%
B.t.n ♂️ Botan
50%
Ca.l | Ka.l ♂️ Carl | Karl
50%
C.a.l.e ♂️ Charlie
50%
C.e.t.r ♂️ Chester
50%
C.a.a ♀️ Clara
50%
D.l.a ♀️ Dalya
50%
D.l.n ♂️ Dylan
50%
Ed.a.d ♂️ Eduard
50%
El.y ♂️ Elay
50%
Em.l.a ♀️ Emilia
50%
Em.l.o ♂️ Emilio
50%
E.n..t ♂️ Ernest
50%
Ez.a ♂️ Ezra
50%
F.b..n ♂️ Fabian
50%
Fl.v.o ♂️ Flavio
50%
F.i.d.r..e ♀️ Friederike
50%
G.s.l ♀️ Gisel
50%
Ha.l.y ♀️ Hailey
50%
H.n.a ♀️ Hanna
50%
H.i.r..h ♂️ Heinrich
50%
J.n ♂️ Jan
50%
J.l ♀️ Jil
50%
J.l..n ♂️ Julian
50%
Ku.t ♂️ Kurt
50%
L.n.a ♀️ Lanya
50%
L.a ♀️ Lea
50%
L.o ♂️ Leo
50%
Le.n.e ♀️ Leonie
50%
L.a.a ♀️ Liana
50%
L.d.a ♀️ Lidya
50%
Li.a ♀️ Lina
50%
L.n.b.l.e ♀️ Linabelle
50%
L.e.a ♀️ Loena
50%
Lu.y ♀️ Lucy
50%
L.k.s ♂️ Lukas
50%
Ma.l ♂️ Mael
50%
Ma.n.s ♂️ Magnus
50%
M.n.y ♀️ Mandy
50%
Ma.g.t ♀️ Margot
50%
M.r.e ♀️ Marie
50%
Ma.k.s ♂️ Markos
50%
Ma.l.y ♂️ Marley
50%
Ma.t.n ♂️ Marten
50%
M.t.a ♀️ Matea
50%
M.t.i ♂️ Matei
50%
M.t.i.s ♂️ Mathias
50%
M.x.m ♀️ Maxim
50%
M.d.s ♂️ Midas
50%
Mi.a ♀️ Mira
50%
M.r.e..e ♀️ Mirielle
50%
M.r..z ♂️ Moritz
50%
O.k.r ♂️ Oskar
50%
Pa.c.l ♂️ Pascal
50%
Ph.l.p ♂️ Philip | Philipp
50%
Pi.s ♂️ Pius
50%
R.c.r.o ♂️ Ricardo
50%
Ry.n ♂️ Ryan
50%
Sa.d.r ♂️ Sandor
50%
S.b..t..n ♂️ Sebastian
50%
S.p..e ♀️ Sophie
50%
Th.r..a ♀️ Theresa
50%
T.l.y ♀️ Tilly
50%
V.n.l.a ♀️ Vanilla
50%
Za.a ♀️ Zara
50%
Ad.i..n ♀️ Addison
0%
A.t.r.a ♀️ Asteria
0%
Ba.d.r ♂️ Baldur
0%
B.r.n ♂️ Baran
0%
C.e.s.a ♀️ Chelsea
0%
C.l.t.e ♀️ Colette
0%
Em.r.e ♀️ Emorie
0%
G.r..d ♂️ Giroud
0%
J.y.e ♀️ Jayne
0%
J.s..a ♂️ Jesaja
0%
Jo.e ♀️ Joke
0%
J.d.t.a ♀️ Juditha
0%
K.i.o ♂️ Kaito
0%
L.m.r ♂️ Lamar
0%
Lo.i.a ♀️ Louisa
0%
L.l.a ♀️ Lulia
0%
Ni.o ♂️ Nimo
0%
No.r ♂️ Noor
0%
S.l.i ♀️ Selvi
0%
Sh.r.n ♀️ Sharon
0%
T.r.n ♂️ Tyren
0%
V.s.a ♀️ Vesna
0%
W.r.s ♂️ Waris
0%
Yo.t..s ♀️ Yostina
0%
Za.a ♂️ Zama
0%
Keine übereinstimmenden Quizze gefunden
Verteilung der Resultate
Anzahl Personen mit jedem Resultat
Perzentil nach korrekt beantworteten Fragen
Ihre Resultats-Entwicklung
Sie haben dieses Quiz noch nicht gespielt